Полковнику никто не пишет (Бичлэгийн дугаар. 242963)
[ энгийн харах ]
| 000 -Удирдлага | |
|---|---|
| Ном зүйн бүртгэл тоо буюу кодлох утгыг агуулсан | 00406nam a2200133Ia 4500 |
| 008 - ЕРӨНХИЙ МЭДЭЭЛЭЛ-ЭЛЕМЕНТҮҮДИЙН ӨГӨГДЛИЙН УРТ | |
| fixed length control field | 200515s9999||||xx |||||||||||||| ||und|| |
| 084 ## - БУСАД АНГИЛЛЫН ДУГААР | |
| Анги | 84.7Кл-44 |
| Зохиогчийн 3-н тэмдэгт | Г 21 |
| Ангиллын нэр | Номын сан номзүйн ангилал |
| 100 ## - ЗОХИОГЧИЙН ХЭСЭГ | |
| Зохиогчийн нэр | Гарсиа Маркес Г. |
| 245 #0 - ҮНДСЭН ГАРЧИГ | |
| Гарчиг | Полковнику никто не пишет |
| Оролцогчдын тухай мэдээ | Ред.Ю. В. Ванникова |
| 260 ## - ГАРАЛТЫН ТУХАЙ МЭДЭЭ | |
| Хэвлэгдсэн он | 1990 |
| Хэвлэгдсэн газар | М |
| Хэвлэлийн газар | Худож. лит., |
| 300 ## - ТООНЫ МЭДЭЭ | |
| Хуудасны тоо | 462 |
| 546 ## - ХЭЛНИЙ ТУХАЙ МЭДЭЭ | |
| Хэл | |
| 942 ## - ЭЛЕМЕНТИЙН ТӨРӨЛ | |
| Төрөл | Ном |
| Буцаан татагдсан төлөв | Хасагдсан шалтгаан | Гэмтсэн төлөв | Данс заагч | Захиалах боломжгүй | Үндсэн номын сан | Одоогийн байршил | Салбар танхим | Сан хөмрөг 5 | Бүртгэсэн огноо | Бүрдүүлэлтийн эх үүсвэр | Тавиурын заалт | Баркод | Үнэ | Хамгийн сүүлд байсан огноо | Нийт уншлаганд гарсан тоо | Төрөл |
|---|---|---|---|---|---|---|---|---|---|---|---|---|---|---|---|---|
| МУҮНомын сан салбар | МУҮНомын сан салбар | МУҮНС салбар | Өрнө дахин В1 давхар | МУҮНС салбар | Өрнө дахин В1 давхар | 2021-07-19 | Худалдан авсан | 140993 | 005020140993 | 22.50 | 2021-07-19 | Ном |